Normal view
MARC view
Entry Personal Name
001 - CONTROL NUMBER
- control field: 3762
003 - CONTROL NUMBER IDENTIFIER
- control field: OSt
005 - DATE AND TIME OF LATEST TRANSACTION
- control field: 20221109101453.0
008 - FIXED-LENGTH DATA ELEMENTS
- fixed length control field: 221109|| aca||aabn | a|a d
040 ## - CATALOGING SOURCE
- Original cataloging agency: OSt
- Transcribing agency: OSt
100 ## - HEADING--PERSONAL NAME
- Personal name: Djavadi, Négar,
- Dates associated with a name: 1969-
670 ## - SOURCE DATA FOUND
- Source citation: Work cat.: (OSt)0: Djavadi, Négar, 1969- aut, Dezorientálka